| 000 | 01289nam0a22002891 4500 | ||
|---|---|---|---|
| 001 | rc\3423390 | ||
| 005 | 20130115141233.5 | ||
| 021 |
_aRU _b90-ВП-470/6-7 |
||
| 035 | _a(NLR Aleph) 007558651 | ||
| 090 |
_a5278163 _c5278163 |
||
| 100 | _a20130115d1969 |||y0rusy50 ca | ||
| 101 | 0 | _arus | |
| 102 | _aRU | ||
| 105 | _ay z ||||| | ||
| 200 | 1 |
_aРОЛЬ и экономическое значение патентной документации в промышленных исследованиях США _fГос. план. ком. Совета Министров УССР. Укр. НИИ НТИ и техн.-экон. исслед. _g[Исагулов К.С. и др.] |
|
| 210 |
_aКиев _cУкр. НИИНТИ _d1969 |
||
| 215 |
_a[1], 6 с. _d26 |
||
| 225 | 1 | _aВопросы НТИ | |
| 300 | _aНа обл. только загл. сер. | ||
| 320 | _aБиблиогр.: с. 6 | ||
| 702 | 1 |
_aИсагулов _bК. С. _gКим Семенович _4220 |
|
| 712 | 0 | 2 |
_aУкраинский НИИ научно-технической информации и технико-экономических исследований _cКиев _3RU\NLR\AUTH\8810023920 |
| 801 | 0 |
_aRU _bNLR _gpsbo |
|
| 801 | 1 |
_aRU _bELAR _2rusmarc |
|
| 852 |
_aNLR _j89-7/1498 |
||
| 942 | _cBOOK | ||
| 980 | _aNB | ||